Yüklüyor......
Motivational aspect in organisational behaviour
| Yazar: | |
|---|---|
| Materyal Türü: | Printed Book |
| Baskı/Yayın Bilgisi: |
Jaipur, Printwell
1992
|
| LEADER | 004580000a22001450004500 | ||
|---|---|---|---|
| 020 | |a 81-7044-296-6 | ||
| 082 | |a 658.001 N2 | ||
| 100 | |a Kapil Dev Sharma | ||
| 245 | |a Motivational aspect in organisational behaviour | ||
| 260 | |a Jaipur, Printwell | ||
| 260 | |c 1992 | ||
| 465 | |a R 225 | ||
| 942 | |c BK | ||
| 999 | |c 3300 |d 3300 | ||
| 952 | |0 0 |1 0 |4 0 |6 658_001000000000000_N2 |7 0 |8 ENG |9 3092 |a MGUL |b MGUL |d 2013-07-16 |e R 225 |l 1 |o 658.001 N2 |p 27111 |r 2014-06-03 |s 2014-05-31 |w 2013-07-16 |y BK | ||